[Event "FIDE-Wch k.o."]
[Site "Las Vegas"]
[Date "1999.08.01"]
[Round "1.2"]
[White "Milov, Vadim"]
[Black "Macieja, Bartlomiej"]
[Result "1-0"]
[WhiteElo "2626"]
[BlackElo "2542"]

1.d4 Nf6 2.c4 e6 3.Nc3 Bb4 4.e3 c5 5.Bd3 O-O 6.Ne2 d5 7.cxd5 cxd4 8.exd4 Qxd5
9.O-O Qh5 10.Ne4 Nxe4 11.Bxe4 Nc6 12.Nf4 Qxd1 13.Rxd1 Rd8 14.Be3 Bd6 15.d5 exd5
16.Rxd5 Bg4 17.f3 Bxf4 18.Bxf4 Rxd5 19.Bxd5 Be6 20.Bxe6 fxe6 21.Rd1 Rd8 22.Rxd8+ Nxd8
23.Kf2 Nc6 24.Bd6 Kf7 25.Ke3 g6 26.Ke4 Kf6 27.Bc5 Kf7 28.Be3 Kf6 29.Bd2 Ke7
30.Bc3 Nd8 31.Bd4 Nc6 32.Be3 Kd6 33.Kf4 Ke7 34.Kg5 Kf7 35.Bd2 a6 36.Bc3 Ne7
37.g4 Nd5 38.Bd4 Nb4 39.a3 Nd5 40.h4 Ne7 41.Kh6 Kg8 42.Bc3 Nd5 43.Be5 Ne7
44.Kg5 Nd5 45.h5 gxh5 46.Kxh5 Kf7 47.Kh6 Kg8 48.Kg5 Kf7 49.Kh6 Kg8 50.f4 Ne3
51.Kg5 Kf7 52.Bd4 Nd5 53.f5 exf5 54.Kxf5 Ne7+ 55.Kg5 Nd5 56.a4 Ne7 57.Bc5 Nd5
58.Kf5 Nf6 59.Bd6 Nd5 60.Bc5 Nf6 61.b3 Nd7 62.Bd6 Nf6 63.a5 Ng8 64.Ke5 Ne7
65.b4 Nc6+ 66.Kd5 Kf6 67.Bc5 Kg5 68.Kd6 Kxg4 69.Kc7 h5 70.Kxb7 Ne5 71.b5 h4
72.bxa6 h3 73.Bg1 Nf3 74.a7 Nxg1 75.a8=Q h2 76.Qg8+  1-0

[Event "Eu Team Ch"]
[Site "Batumi GEO"]
[Date "1999.11.29"]
[Round "1"]
[White "Salmensuu,O"]
[Black "Milov,V"]
[Result "0-1"]
[WhiteElo "2443"]
[BlackElo "2626"]

1.e4 c5 2.Nf3 e6 3.c3 Nf6 4.d3 Nc6 5.g3 d5 6.Qe2 b6 7.Bg2 Be7 8.O-O Bb7 9.Re1 h6
10.h4 d4 11.e5 Nd7 12.Nbd2 b5 13.Nb3 dxc3 14.bxc3 O-O 15.a4 b4 16.a5 bxc3
17.a6 Bc8 18.d4 Rb8 19.Qc4 Qb6 20.Nxc5 Nxc5 21.dxc5 Qxc5 22.Qg4 Rb4 23.Qh5 Rd8
24.Nh2 Nd4 25.Bxh6 g6 26.Qg4 Nc2 27.Be4 Nxe1 28.Rxe1 Qxe5 29.Nf3 Qh8 30.Qf4 c2
31.Kh2 Rd1 32.Qc7 Qxh6 33.Qxc8+ Qf8 34.Qxc2 Rxe1 35.Nxe1 Qb8 36.Bb7 Rxh4+
37.Kg2 Rb4 38.Qc6 Qd6 39.Qe8+ Kg7 40.Nf3 Rb2 41.Nh2 Qd4  0-1

[Event "Eu Team Ch"]
[Site "Batumi GEO"]
[Date "1999.11.30"]
[Round "2"]
[White "Georgiev,Ki"]
[Black "Milov,V"]
[Result "1-0"]
[WhiteElo "2650"]
[BlackElo "2626"]

1.g3 c5 2.Bg2 Nc6 3.Nf3 e5 4.c4 f5 5.O-O Nf6 6.Nc3 d6 7.d3 Be7 8.Bg5 O-O
9.a3 Qe8 10.Rb1 a5 11.Bxf6 Bxf6 12.Nd5 Qh5 13.Nd2 Ra7 14.b4 axb4 15.axb4 cxb4
16.Nxb4 Nd4 17.e3 Qxd1 18.Rfxd1 Ne2+ 19.Kf1 Nc3 20.Ra1 Rxa1 21.Rxa1 e4 22.Ra7 exd3
23.Nxd3 b5 24.Bc6 bxc4 25.Nxc4 d5 26.Nb6 d4 27.Nxc8 Rxc8 28.Bd7 Rf8 29.exd4 Bxd4
30.Be6+ Kh8 31.Rd7 Bf6 32.Bxf5 g6 33.Be6 Rd8 34.Rf7 Bg7 35.Nc5 Nb5 36.Nd7 Re8
37.Bd5 Nd6 38.Rf3 Rd8 39.Rb3 h5 40.Nc5 Nf5 41.Be4 Kh7 42.Ne6 Re8 43.Rb6 Be5
44.Bxf5 gxf5 45.h4 Kg8 46.Kg2 Kf7 47.Ng5+ Kg7 48.Kf3 Ra8 49.Ne6+ Kf7 50.Ng5+ Kg7
51.Re6 Ra3+ 52.Kg2 Ra5 53.Rc6 Ra2 54.Rc5 Kf6 55.Nh7+ Ke6 56.Nf8+ Kd6 57.Rb5 f4
58.Ng6 Re2 59.Kf3 fxg3 60.Kxe2 g2 61.Rb1 Bh2 62.Kf3  1-0

[Event "Eu Team Ch"]
[Site "Batumi GEO"]
[Date "1999.12.04"]
[Round "5"]
[White "Milov,V"]
[Black "Macieja,B"]
[Result "1/2-1/2"]
[WhiteElo "2626"]
[BlackElo "2542"]

1.d4 Nf6 2.c4 e6 3.Nc3 Bb4 4.e3 c5 5.Bd3 O-O 6.Ne2 d5 7.cxd5 cxd4 8.exd4 Nxd5
9.Bc2 b6 10.Qd3 Nf6 11.a3 Ba6 12.Qf3 Bxc3+ 13.Nxc3 Nbd7 14.Bg5 Rc8 15.O-O-O Qc7
16.Qg3 Nd5 17.Qxc7 Nxc7 18.Kb1 h6 19.Be7 Rfe8 20.Bd6 Nb5 21.Nxb5 Bxb5 22.Rd2 Nf6
23.f3 Nd5 24.Re1 Red8 25.Be5  1/2-1/2

[Event "Eu Team Ch"]
[Site "Batumi GEO"]
[Date "1999.12.06"]
[Round "7"]
[White "Milov,V"]
[Black "Kobalija,M"]
[Result "0-1"]
[WhiteElo "2626"]
[BlackElo "2573"]

1.d4 d5 2.c4 c6 3.cxd5 cxd5 4.Nc3 Nf6 5.Bf4 Nc6 6.Nf3 a6 7.Rc1 Bf5 8.e3 Qb6
9.Bd3 Bxd3 10.Qxd3 e6 11.O-O Nd7 12.Na4 Qb4 13.Qc2 Be7 14.a3 Qb5 15.b4 a5
16.Nc3 Qb6 17.Na4 Qb5 18.Nc3 Qb6 19.b5 Na7 20.a4 Rc8 21.Qd3 Qd8 22.e4 Nb6
23.exd5 exd5 24.Rfe1 O-O 25.h3 Bb4 26.Re2 Qf6 27.g3 Qg6 28.Qxg6 hxg6 29.Rec2 f6
30.Nd2 g5 31.Be3 Bxc3 32.Rxc3 Rxc3 33.Rxc3 Rc8 34.Ra3 Rc1+ 35.Kg2 Nac8 36.Ne4 Rc2
37.Nc5 Nd6 38.Kf3 Nbc4 39.Ra1 Rc3 40.Rd1 b6 41.Rd3 Ne4 42.Ke2 bxc5 43.dxc5 Rc2+
44.Kd1 Nxe3+  0-1

[Event "ISR-chT"]
[Site "Israel"]
[Date "1999.??.??"]
[Round "7"]
[White "Gelfand, Boris"]
[Black "Milov, Vadim"]
[Result "1-0"]
[WhiteElo "2691"]
[BlackElo "2533"]

1.d4 d5 2.c4 dxc4 3.Nf3 a6 4.e3 e6 5.Bxc4 c5 6.O-O Nf6 7.Bb3 Nc6 8.Nc3 b5
9.Qe2 Be7 10.Rd1 Qc7 11.d5 exd5 12.Nxd5 Nxd5 13.Bxd5 O-O 14.b3 Be6 15.Bxe6 fxe6
16.Bb2 Rad8 17.Nd2 Ne5 18.Bc3 Rd5 19.a4 b4 20.Bxe5 Qxe5 21.Rab1 Rfd8 22.Nc4 Qc3
23.Rdc1 Qf6 24.g3 Qg6 25.Rd1 Bf6 26.Rbc1 h5 27.Na5 Bc3 28.Nb7 Rd2 29.Rxd2 Rxd2
30.Qxa6 c4 31.Qxc4 Qf7 32.Qc8+ Kh7 33.Rf1 h4 34.Nc5 Rd6 35.Ne4 Rd5 36.gxh4 Bf6
37.Qc4 Bxh4 38.Ng3 Bxg3 39.Qe4+ Kg8 40.hxg3 Qd7 41.Qxb4  1-0

[Event "SWZ-chT"]
[Site "SWZ"]
[Date "1999.??.??"]
[Round "1"]
[White "Milov, Vadim"]
[Black "Liardet, Fabrice"]
[Result "1-0"]
[WhiteElo "2633"]
[BlackElo "2308"]

1.c4 Nf6 2.Nc3 c5 3.Nf3 Nc6 4.d4 cxd4 5.Nxd4 g6 6.e4 d6 7.f3 Bg7 8.Be3 O-O
9.Be2 Bd7 10.O-O a6 11.Qd2 Rb8 12.a4 Qa5 13.Nb3 Qb4 14.Ra3 Nh5 15.Qc1 Na5
16.Nd5 Nxb3 17.Qd1 Qa5 18.Qxb3 e6 19.Qb6 Qxb6 20.Nxb6 Bc6 21.b4 Rfd8 22.g4 Nf6
23.Rd1 Bf8 24.Rad3 Be7 25.Bf4 e5 26.Be3 Be8 27.Kg2 Kg7 28.Kg3 h6 29.h4 Nd7
30.Nd5 Bf8 31.g5 h5 32.R3d2 Rdc8 33.Bf1 Ra8 34.a5 Rab8 35.Kf2 Rc6 36.Rb1 Rcc8
37.Ba7 Ra8 38.Bb6 Rab8 39.Bc7 Ra8 40.Bh3 Be7 41.Bxd7 Bxd7 42.Nb6 Rxc7 43.Nxa8 Rxc4
44.Nb6 Rc7 45.Nd5  1-0

[Event "SWZ-chT"]
[Site "SWZ"]
[Date "1999.??.??"]
[Round "3"]
[White "Milov, Vadim"]
[Black "Gheorghiu, Florin"]
[Result "1/2-1/2"]
[WhiteElo "2633"]
[BlackElo "2450"]

1.d4 Nf6 2.c4 c5 3.d5 d6 4.Nc3 g6 5.e4 Bg7 6.Bd3 O-O 7.h3 e6 8.g4 exd5 9.exd5 Nfd7
10.f4 f5 11.g5 h5 12.Bd2 Na6 13.Nf3 Nc7 14.O-O Re8 15.Nh4 Nf8 16.Qf3 Qe7
17.Rae1 Qf7 18.Rxe8 Nxe8 19.Re1 Bd7 20.Qe2 Nc7 21.Qe7 Ne8 22.b3 b6 23.Kf1 a6
24.a4 Rc8 25.Nd1 Rb8 26.Nf2 Bd4 27.Nf3 Bg7 28.Re2 Nh7 29.Nh4 Nf8 30.Nh1 b5
31.axb5 axb5 32.cxb5 Rxb5 33.Bc4 Rb8 34.Nf2 Bd4 35.Nd3 Rc8 36.Ba5 Ra8 37.Be1 Rc8
38.Nf3 Bg7 39.Qe3 Nc7 40.Qd2 Re8 41.Rxe8  1/2-1/2

[Event "SWZ-chT"]
[Site "SWZ"]
[Date "1999.??.??"]
[Round "4"]
[White "Milov, Vadim"]
[Black "Gabriel, Christian"]
[Result "1-0"]
[WhiteElo "2633"]
[BlackElo "2581"]

1.d4 Nf6 2.c4 g6 3.Nc3 Bg7 4.e4 d6 5.Be2 O-O 6.Bg5 Na6 7.Nf3 h6 8.Be3 Ng4
9.Bc1 e5 10.h3 exd4 11.Nxd4 Nf6 12.O-O Nc5 13.Bf3 Re8 14.Re1 c6 15.Rb1 a5
16.Bf4 Nh7 17.Nb3 Ne6 18.Bxd6 a4 19.Nc5 a3 20.Nxe6 Bxe6 21.e5 Bf5 22.Be4 Bxe5
23.Bxe5 Qxd1 24.Rbxd1 Rxe5 25.Bxf5 Rxf5 26.b3 Nf6 27.Re7 Rb8 28.f3 Kf8 29.Rc7 Ne8
30.Rcd7 b5 31.cxb5 cxb5 32.b4 Rc8 33.R1d3 Kg7 34.Ne4 Rc1+ 35.Kh2 Nf6 36.Nxf6 Kxf6
37.Rxa3 Rc2 38.Rd4 Rg5 39.Rg4 Rxg4 40.hxg4 Rb2 41.Ra6+ Ke5 42.a3 Ra2 43.Kg3 Kd4
44.Ra7 f6 45.Rc7 Kd3 46.Rc5 Ke2 47.Rxb5 Kf1 48.Rc5 Rxa3 49.Rc1+ Ke2 50.Rb1 g5
51.b5 Ra7 52.b6 Rb7 53.Rb3 Kd2 54.f4 Kc2 55.Rb5 Kd3 56.Kf3 Kc4 57.Rb1 Kd5
58.Ke3 Re7+ 59.Kd3 Rb7 60.g3  1-0

[Event "SWZ-chT"]
[Site "SWZ"]
[Date "1999.??.??"]
[Round "5"]
[White "Huebner, Robert"]
[Black "Milov, Vadim"]
[Result "0-1"]
[WhiteElo "2585"]
[BlackElo "2633"]

1.d4 Nf6 2.c4 e6 3.g3 d5 4.Bg2 dxc4 5.Nf3 a6 6.O-O Nc6 7.Nc3 Rb8 8.e4 b5
9.Qe2 Nxd4 10.Nxd4 Qxd4 11.Be3 Qd8 12.Rfd1 Nd7 13.a4 e5 14.axb5 axb5 15.f4 Bb4
16.Bh3 Bxc3 17.bxc3 O-O 18.Ra7 Qe8 19.Bxd7 Bxd7 20.Bc5 Qc8 21.Bxf8 Bg4 22.Qd2 Bxd1
23.Bxg7 Kxg7 24.Qxd1 exf4 25.Qd4+ Kg8 26.Qe5 Qg4 27.Qxc7 Qd1+ 28.Kg2 Qe2+
29.Kh3 Qh5+ 30.Kg2 f3+ 31.Kf2 Qxh2+ 32.Kxf3 Qh5+ 33.g4 Qh3+ 34.Kf2 Qh4+ 35.Kf3 Qf6+
36.Ke2 Re8 37.Qb7 Qf4 38.Ra8 Qxg4+ 39.Kd2 Qf4+ 40.Kc2 Qf2+ 41.Kb1 Qe1+  0-1

[Event "SWZ-chT"]
[Site "SWZ"]
[Date "1999.??.??"]
[Round "6"]
[White "Godena, Michele"]
[Black "Milov, Vadim"]
[Result "0-1"]
[WhiteElo "2552"]
[BlackElo "2633"]

1.e4 c5 2.Nf3 e6 3.c3 Nf6 4.e5 Nd5 5.d4 cxd4 6.cxd4 d6 7.Bc4 Nc6 8.O-O Be7
9.Qe2 O-O 10.Nc3 Nxc3 11.bxc3 dxe5 12.dxe5 Qa5 13.Rb1 Rd8 14.Qe4 Qxc3 15.Rb3 Qa5
16.Bg5 h6 17.Be3 Qa4 18.Rc3 Rd1 19.Rxd1 Qxd1+ 20.Bf1 Qd5 21.Qf4 Qxa2 22.Qg4 Kf8
23.Qe4 Kg8 24.Qg4 Qb1 25.Rd3 Qb4 26.Qg3 Kf8 27.Nd4 Nxd4 28.Rxd4 Qb1 29.Rg4 g5
30.h4 Bd7 31.hxg5 h5 32.Rf4 Qg6 33.Bd4 Bc6 34.Bd3 Qxg5 35.Qh2 Rd8 36.Be3 Rxd3
37.Rxf7+ Kxf7  0-1

[Event "SWZ-chT"]
[Site "SWZ"]
[Date "1999.??.??"]
[Round "7"]
[White "Milov, Vadim"]
[Black "Gerber, Richard"]
[Result "1-0"]
[WhiteElo "2633"]
[BlackElo "2353"]

1.d4 e6 2.c4 f5 3.g3 Nf6 4.Bg2 c6 5.Nf3 d5 6.O-O Bd6 7.Qc2 O-O 8.Ne5 Nbd7
9.Nd3 Kh8 10.Nd2 Ne4 11.Nf3 b6 12.Bf4 Bb7 13.Rac1 Qe7 14.Bxd6 Nxd6 15.Nfe5 Nxe5
16.Nxe5 Nf7 17.cxd5 cxd5 18.Qc7 Qxc7 19.Rxc7 Nxe5 20.dxe5 Ba6 21.Bf3 Kg8
22.Rfc1 Rac8 23.g4 f4 24.g5 Rxc7 25.Rxc7 Rf7 26.Rxf7 Kxf7 27.Bh5+ g6 28.Bg4 d4
29.Kg2 Bb7+ 30.Bf3 Ba6 31.Kh3 d3 32.exd3 Bxd3 33.Kg4 Ke7 34.Kxf4 Bb1 35.a3 Bc2
36.Bc6 Kd8 37.h4 Bd1 38.Ke3 Bc2 39.Kd4 Bf5 40.Kc4 Kc7 41.Bf3 Kd7 42.h5 gxh5
43.Bxh5 Kc7 44.Bf3 Kd7 45.Be2 Kc6 46.Bd3 Bg6 47.f4 Kc7 48.Kd4 Kc6 49.Ke3 Kc5
50.Be4 a5 51.b4+  1-0

[Event "SWZ-chT"]
[Site "SWZ"]
[Date "1999.??.??"]
[Round "8"]
[White "Kelecevic, Nedeljko"]
[Black "Milov, Vadim"]
[Result "1/2-1/2"]
[WhiteElo "2425"]
[BlackElo "2633"]

1.d4 Nf6 2.c4 e6 3.Nf3 d5 4.Nc3 dxc4 5.e3 a6 6.Bxc4 b5 7.Be2 c5 8.O-O Nc6
9.dxc5 Bb7 10.a3 Bxc5 11.Qxd8+ Rxd8 12.b4 Bd6 13.Bb2 Ke7 14.Rfd1 Rhg8 15.a4 bxa4
16.b5 axb5 17.Nxb5 Bb4 18.Rxa4 Rxd1+ 19.Bxd1 Ra8 20.Rxa8  1/2-1/2

[Event "SWZ-chT"]
[Site "SWZ"]
[Date "1999.??.??"]
[Round "9"]
[White "Milov, Vadim"]
[Black "Herb, Pascal"]
[Result "1-0"]
[WhiteElo "2633"]
[BlackElo "2356"]

1.d4 Nf6 2.c4 e6 3.Nc3 d5 4.cxd5 exd5 5.Bg5 Be7 6.e3 O-O 7.Bd3 Re8 8.Nge2 Nbd7
9.O-O Nf8 10.b4 a6 11.Qb3 c6 12.a4 a5 13.b5 Ne6 14.Bh4 c5 15.dxc5 d4 16.exd4 Nxd4
17.Qc4 Nxe2+ 18.Nxe2 Be6 19.Qc2 Rc8 20.Nf4 Rxc5 21.Nxe6 fxe6 22.Qe2 Bd6 23.Rad1 Qc7
24.Bxf6 gxf6 25.Bxh7+ Kxh7 26.Qd3+ Kh6 27.Qxd6 Qxd6 28.Rxd6 Rc4 29.Ra1 Re7
30.g3 Kg6 31.Rd8 e5 32.Ra2 e4 33.Ra8 b6 34.Rg8+ Kf7 35.Rb8 Re6 36.Rb7+ Kg6
37.Rd7 Kf5 38.Kg2 Kg6 39.Rdd2 Kf5 40.Rdc2 Rd4 41.Rc3 Red6 42.f3 Rd2+ 43.Rxd2 Rxd2+
44.Kh3 Rd4 45.fxe4+ Ke5 46.Ra3 Rxe4 47.Ra2 f5 48.Kg2 Rb4 49.Kf2 Kf6 50.h4 Kg6
51.Ra3 Kf6 52.Kf3 Kg6 53.Rc3 Rxa4 54.Rc6+ Kg7 55.Rxb6 Rb4 56.Ke3 a4 57.Ra6 Rxb5
58.Kf4 Rc5 59.Rxa4 Rb5 60.Ra6 Rc5 61.Re6 Rc3 62.Re3  1-0

[Event "zt 1.2"]
[Site "Pula CRO"]
[Date "2000.04.11"]
[Round "1"]
[White "Milov,V"]
[Black "Sermek,D"]
[Result "1/2-1/2"]
[WhiteElo "2653"]
[BlackElo "2517"]

1.c4 c5 2.Nf3 g6 3.Nc3 Bg7 4.g3 Nc6 5.Bg2 e6 6.h4 h6 7.a3 d5 8.b4 dxc4 9.O-O Nge7
10.bxc5 Qa5 11.Bb2 O-O 12.Qc2 e5 13.Ne4 Be6 14.Rfc1 f5 15.Nd6 Qxc5 16.Nxc4 Qxc4
17.Qxc4 Bxc4 18.Rxc4 e4 19.Bxg7 Kxg7 20.Ne1 Nc8 21.d3 Nd6 22.Rc5 Rad8 23.e3 Rd7
24.Rd1 Rfd8 25.h5 exd3 26.Bxc6 bxc6 27.Rxd3 gxh5 28.Nf3 Nf7 29.Rxd7 Rxd7
30.Nd4 Rd5 31.Rxc6 Ra5 32.Kg2 Ng5 33.Rc7+ Kf6 34.Rc6+ Kg7 35.a4 Ne4 36.Rc7+ Kf6
37.Rc6+ Kg7 38.Rc4 Kf6 39.Nb3 Rd5 40.Nd4 Ra5 41.Nb3 Rd5 42.Rb4 Rd1 43.Rb5 Kg6
44.Ra5 h4 45.gxh4 Rd3 46.Nc5 Rd5 47.Ra6+ Rd6 48.Rxd6+ Nxd6 49.Kg3 Nc4 50.Kf4 Kf6
51.f3 Ne5 52.a5 Ng6+ 53.Kg3 Ne7 54.a6 Nd5 55.e4 fxe4 56.fxe4 Nb4 57.Kf4 Nc6
58.Nd3 Ke6 59.Ke3 Kd6 60.Kf3 Nb8 61.Kg4 Nxa6 62.Kh5 Nc7 63.Kxh6 a5 64.Kg6 a4
65.Kf6 a3 66.Nc1 Ne8+ 67.Kf5 Ke7 68.e5 Kf7 69.Na2 Ng7+ 70.Ke4 Ke6  1/2-1/2

[Event "zt 1.2"]
[Site "Pula CRO"]
[Date "2000.04.12"]
[Round "2"]
[White "Hulak,K"]
[Black "Milov,V"]
[Result "0-1"]
[WhiteElo "2495"]
[BlackElo "2653"]

1.g3 c5 2.Bg2 Nc6 3.Nf3 g6 4.O-O Bg7 5.c3 e5 6.a3 Nge7 7.b4 d6 8.d3 O-O 9.Nbd2 cxb4
10.axb4 b5 11.Bb2 Bb7 12.Qb3 Qd7 13.c4 a6 14.Rfc1 h6 15.e3 Qe6 16.Bc3 Rab8
17.Qb2 Rfd8 18.e4 Qd7 19.Nf1 Nc8 20.Ne3 Nb6 21.Nd5 Na4 22.Qb3 Nxc3 23.Rxc3 Ne7
24.Nd2 Nxd5 25.cxd5 Rdc8 26.Rac1 Bf6 27.h4 Rxc3 28.Rxc3 Rc8 29.Kh2 Rxc3 30.Qxc3 Qc8
31.Qxc8+ Bxc8 32.Bh3 Bxh3 33.Kxh3 Bd8 34.Nb3 f5 35.f3 Kf7 36.Kg2 h5 37.Kh3 Bb6
38.Kg2 Kf6 39.g4 fxg4 40.fxg4 hxg4 41.Kg3 Kg7 42.Kxg4 Kh6 43.d4 exd4 44.Kf4 Kh5
45.e5 dxe5+ 46.Kxe5 d3 47.d6 Kxh4 48.Nd2 g5 49.Ke4 g4 50.Kxd3 g3 51.Nf3+ Kg4
52.Ke4 g2 53.d7 Kg3 54.Ng1 Bd8 55.Ke3 Kh2 56.Nf3+ Kh1 57.Kd4 g1=Q+  0-1

[Event "zt 1.2"]
[Site "Pula CRO"]
[Date "2000.04.13"]
[Round "3"]
[White "Milov,V"]
[Black "Hickl,J"]
[Result "1/2-1/2"]
[WhiteElo "2653"]
[BlackElo "2556"]

1.d4 d6 2.c4 e5 3.d5 Be7 4.e4 Bg5 5.Nd2 c6 6.g3 Nf6 7.Ngf3 Bh6 8.h4 O-O 9.Be2 a5
10.Ng5 Na6 11.g4 Nc5 12.f3 a4 13.Nf1 Ne8 14.Be3 Qa5+ 15.Qd2 Qxd2+ 16.Kxd2 f6
17.Nh3 Bxe3+ 18.Nxe3 Nc7 19.Nf2 Bd7 20.Nd3 Nxd3 21.Bxd3 c5 22.Rhb1 Ra7 23.b4 axb3
24.Rxb3 Rfa8 25.a3 Kf7 26.Rab1 Bc8 27.Nf5 Ne8 28.Rb6  1/2-1/2

[Event "zt 1.2"]
[Site "Pula CRO"]
[Date "2000.04.15"]
[Round "5"]
[White "Milov,V"]
[Black "Gallagher,Jo"]
[Result "1-0"]
[WhiteElo "2653"]
[BlackElo "2558"]

1.d4 Nf6 2.c4 g6 3.Nc3 Bg7 4.e4 d6 5.Be2 O-O 6.Bg5 Na6 7.Nf3 h6 8.Be3 Ng4
9.Bc1 e5 10.O-O Qe8 11.dxe5 dxe5 12.b3 Qe6 13.Ba3 c5 14.Nd5 Nf6 15.Qc2 b6
16.Bb2 Nd7 17.a3 Bb7 18.b4 Rfc8 19.Rfd1 Nc7 20.Qd2 Ne8 21.b5 Nef6 22.Qe3 Ne8
23.Rd2 Nd6 24.Rad1 Bf8 25.h4 Kh7 26.h5 a6 27.hxg6+ fxg6 28.Nh2 h5 29.f4 exf4
30.Nxf4 Qxe4 31.Qc3  1-0

[Event "zt 1.2"]
[Site "Pula CRO"]
[Date "2000.04.16"]
[Round "6"]
[White "Mitkov,N"]
[Black "Milov,V"]
[Result "1/2-1/2"]
[WhiteElo "2547"]
[BlackElo "2653"]

1.e4 c5 2.Nc3 e6 3.Nf3 a6 4.d4 cxd4 5.Nxd4 b5 6.Bd3 Bc5 7.Nb3 Be7 8.O-O d6
9.Qe1 Nf6 10.Bd2 O-O 11.a4 b4 12.Na2 a5 13.c3 bxc3 14.Nxc3 Nc6 15.Nb5 e5
16.Bc4 Bb7 17.f3 d5 18.exd5 Nxd5 19.Bxd5 Qxd5 20.Nxa5 Nxa5 21.Bxa5 Ba6 22.Qe2 Rab8  1/2-1/2

[Event "zt 1.2"]
[Site "Pula CRO"]
[Date "2000.04.18"]
[Round "7"]
[White "Milov,V"]
[Black "Beliavsky,A"]
[Result "1/2-1/2"]
[WhiteElo "2653"]
[BlackElo "2640"]

1.d4 Nf6 2.c4 e6 3.Nc3 Bb4 4.e3 c5 5.Bd3 O-O 6.Ne2 cxd4 7.exd4 d5 8.cxd5 Nxd5
9.a3 Bd6 10.Ne4 b6 11.N2c3 Ba6 12.Bxa6  1/2-1/2

[Event "zt 1.2"]
[Site "Pula CRO"]
[Date "2000.04.20"]
[Round "9"]
[White "Milov,V"]
[Black "Sutovsky,E"]
[Result "1/2-1/2"]
[WhiteElo "2653"]
[BlackElo "2597"]

1.d4 Nf6 2.c4 g6 3.Nc3 d5 4.Nf3 Bg7 5.Bg5 Ne4 6.Bf4 Nxc3 7.bxc3 dxc4 8.e3 Be6
9.Nd2 O-O 10.Qf3 c5 11.Bxc4 Bxc4 12.Nxc4 cxd4 13.cxd4 Nc6 14.O-O Rc8 15.Rfc1 b5
16.Nd2 Nb4 17.Nb3 Rxc1+ 18.Rxc1 Nxa2 19.Ra1 Nb4 20.Qb7 a6 21.Nc5 Nd5 22.g3 Qa8
23.Rxa6 Qxb7 24.Nxb7 Rc8 25.Ra5 Nc3 26.Ra7 Ne4 27.g4 b4 28.Na5 Rc1+ 29.Kg2 g5
30.Rxe7 gxf4 31.Rxe4 fxe3 32.Re8+ Bf8 33.Rxe3 Rd1 34.Nb3 h5 35.h3 hxg4 36.hxg4 Bg7
37.Re8+ Kh7 38.Rb8 Rb1 39.Rxb4 Bxd4 40.Rxd4 Rxb3 41.f3 Kg6  1/2-1/2

[Event "zt 1.2"]
[Site "Pula CRO"]
[Date "2000.04.22"]
[Round "11"]
[White "Milov,V"]
[Black "Smirin,I"]
[Result "0-1"]
[WhiteElo "2653"]
[BlackElo "2666"]

1.d4 d6 2.c4 e5 3.d5 a5 4.e4 Na6 5.Nc3 Nc5 6.Be3 Nf6 7.Bxc5 dxc5 8.Nf3 Bd6
9.Bd3 O-O 10.Nb5 Nh5 11.g3 g6 12.Nxd6 cxd6 13.O-O a4 14.Nd2 Bd7 15.Qe2 Ng7
16.f4 exf4 17.gxf4 Re8 18.Rae1 Bh3 19.Rf2 Qh4 20.Qf3 Nh5 21.Re3 Bd7 22.e5 Kh8
23.Nf1 Bg4 24.Qg2 Re7 25.exd6 Ree8 26.Re5 Bd7 27.Qf3 Qf6 28.Ng3 Nxg3 29.hxg3 Rxe5
30.fxe5 Qxe5 31.Qf4 Qxf4 32.gxf4 Ra6 33.f5 Kg7 34.f6+ Kf8 35.Kg2 Rxd6 36.Kg3 h6
37.Rf3 Rb6 38.Rf2 g5 39.Kg2 h5 40.Kg1 h4 41.Bf5 Bxf5 42.Rxf5 g4 43.Rf4 Rxb2
44.Rxg4 Rb6 45.Rxh4 Rxf6 46.Rh8+ Ke7 47.Ra8 Rf4 48.Rxa4 Kd6 49.Kg2 Ke5 50.Ra7 Rxc4
51.Rxb7 f5 52.Ra7 Kxd5 53.a4 Re4 54.a5 Kc6 55.Rf7 Kb5 56.Rxf5 Re6 57.Kf2 Kb4
58.Rd5 c4 59.a6 Rxa6 60.Ke2 Kc3 61.Kd1 Ra1+  0-1

[Event "Julian Borowski A"]
[Site "Essen GER"]
[Date "2000.04.27"]
[Round "1"]
[White "Milov,V"]
[Black "Beliavsky,A"]
[Result "0-1"]
[WhiteElo "2653"]
[BlackElo "2640"]

1.d4 Nf6 2.c4 e6 3.Nc3 Bb4 4.e3 c5 5.Bd3 d5 6.cxd5 Nxd5 7.Ne2 cxd4 8.exd4 O-O
9.Bc2 b6 10.Qd3 g6 11.h4 Ba6 12.Qh3 Bxe2 13.Kxe2 h5 14.Kf1 Nc6 15.Bg5 Qc8
16.Qd3 Be7 17.Bb3 Rd8 18.Nxd5 exd5 19.Rc1 Bxg5 20.hxg5 Ne5 21.Qd2 Nc4 22.Qf4 Qd7
23.Rh3 b5 24.Bd1 Re8 25.Bf3 Rac8 26.Kg1 Nxb2 27.Rxc8 Rxc8 28.g4 Nd3 29.Qg3 Rc1+
30.Kh2 Rc2 31.gxh5 Nxf2  0-1

[Event "Julian Borowski A"]
[Site "Essen GER"]
[Date "2000.04.28"]
[Round "2"]
[White "Dautov,R"]
[Black "Milov,V"]
[Result "1-0"]
[WhiteElo "2602"]
[BlackElo "2653"]

1.d4 Nf6 2.Nf3 g6 3.c4 Bg7 4.g3 O-O 5.Bg2 d6 6.O-O Nc6 7.Nc3 a6 8.Qd3 e5
9.dxe5 dxe5 10.Qxd8 Rxd8 11.Bg5 Be6 12.Nd2 h6 13.Bxf6 Bxf6 14.Nde4 Be7 15.Nd5 Bxd5
16.cxd5 Nb4 17.Nc3 c6 18.dxc6 Nxc6 19.Nd5 Bf8 20.Nb6 Rab8 21.Bxc6 bxc6 22.Nc4 e4
23.b3 Rb5 24.Rac1 Kg7 25.Rc2 Rbd5 26.Rfc1 h5 27.Ne3 Rd2 28.Nf1 Rxc2 29.Rxc2 c5
30.Nd2 f5 31.f3 exf3 32.Nxf3 Kf6 33.h4 Be7 34.Kf2 Ke6 35.Rc4 Kd5 36.Ra4 Rd6
37.Ne1 Bd8 38.Nd3 Rc6 39.Nf4+ Ke5 40.Rc4 a5 41.Kf3 Bb6 42.Rc3 a4 43.Re3+ Kd4
44.Rd3+ Ke5 45.Rd7 axb3 46.axb3 Kf6 47.e3 Ba5 48.Ke2 Bb4 49.Rb7 Ba5 50.Ra7 Bd8
51.Kd3 g5 52.hxg5+ Kxg5 53.Rg7+ Kh6 54.Rg8 Ba5 55.Ke2 Bc3 56.Kf3 Rb6 57.Rc8 Rxb3
58.Rc6+ Kh7 59.Rc7+ Kh6 60.Rc6+ Kh7 61.Rxc5 Bd2 62.Re5 Kh6 63.Re6+ Kg7 64.Nxh5+ Kf7
65.Re5 Kg6 66.Nf4+ Kf6 67.Re6+ Kf7 68.Ke2 Bc3 69.Ra6 Be5 70.Kf3 Bxf4 71.Kxf4 Rb5
72.Rh6 Rb3 73.Rh5 Ke6 74.Rxf5 Rxe3 75.g4 Rh3 76.Kg5 Rh8 77.Rf6+ Ke7 78.Kf5 Ra8
79.g5 Rg8 80.g6 Rg7 81.Kg5 Rg8 82.Rf7+ Ke6 83.Ra7  1-0

[Event "Julian Borowski A"]
[Site "Essen GER"]
[Date "2000.05.01"]
[Round "5"]
[White "Bischoff,K"]
[Black "Milov,V"]
[Result "1/2-1/2"]
[WhiteElo "2544"]
[BlackElo "2653"]

1.c4 c5 2.Nf3 b6 3.d4 cxd4 4.Nxd4 Nf6 5.Nc3 Bb7 6.f3 d6 7.e4 e6 8.Be3 Be7
9.Qd2 a6 10.Be2 O-O 11.O-O-O b5 12.cxb5 d5 13.e5 Nfd7 14.f4 axb5 15.Bxb5 Na6
16.Kb1 Nac5 17.Rc1 Nb6 18.b3 Ra3 19.Qb2 Qa8 20.Be2 Nc4 21.bxc4 dxc4 22.Bxc4 Be4+
23.Ka1 Rb8 24.Qe2 Rb4 25.Nxe4 Nxe4 26.Bd2 Rba4 27.Rc2 Nxd2 28.Qxd2 Bb4 29.Qc1 Bc3+
30.Rxc3 Rxa2+ 31.Bxa2 Rxa2+ 32.Kb1 Ra1+ 33.Kc2 Qe4+ 34.Kb3 Qb7+ 35.Kc2 Qe4+
36.Kb3 Qb7+  1/2-1/2

[Event "Julian Borowski A"]
[Site "Essen GER"]
[Date "2000.05.03"]
[Round "6"]
[White "Milov,V"]
[Black "Glek,I"]
[Result "1-0"]
[WhiteElo "2653"]
[BlackElo "2554"]

1.d4 Nf6 2.c4 g6 3.Nc3 Bg7 4.e4 d6 5.Be2 O-O 6.Bg5 c5 7.dxc5 Qa5 8.Bd2 dxc5
9.e5 Nfd7 10.f4 Nc6 11.g4 Qd8 12.Be3 g5 13.f5 Ndxe5 14.Qxd8 Rxd8 15.Bxg5 Nd4
16.O-O-O b5 17.h3 Bb7 18.Rh2 b4 19.Nd5 Bxd5 20.cxd5 Rxd5 21.Bxe7 f6 22.g5 Kf7
23.gxf6 Bxf6 24.Bxf6 Kxf6 25.Bg4 Rad8 26.Rf1 c4 27.Ne2 Nxe2+ 28.Rxe2 R8d6
29.Re3 Ra6 30.Kb1 Rda5 31.Rfe1 Nxg4 32.hxg4 Rxa2 33.Re6+ Kg5 34.f6 Ra1+ 35.Kc2 Rxe1
36.Rxa6 Re2+ 37.Kc1 Rf2 38.Rxa7  1-0

[Event "Julian Borowski A"]
[Site "Essen GER"]
[Date "2000.05.04"]
[Round "7"]
[White "Huebner,R"]
[Black "Milov,V"]
[Result "1/2-1/2"]
[WhiteElo "2620"]
[BlackElo "2653"]

1.d4 Nf6 2.c4 e6 3.Nf3 d5 4.Nc3 Nbd7 5.cxd5 exd5 6.Bf4 c6 7.e3 Nh5 8.Bg5 Be7
9.Bxe7 Qxe7 10.Qc2 g6 11.O-O-O Nb6 12.Bd3 Bg4 13.Ne2 O-O-O 14.Ne5 Be6 15.Kb1 Kb8
16.Rc1 f6 17.Nf3 Ng7 18.Nf4 Bf5 19.Nd2 Bxd3 20.Nxd3 Ne6 21.h4 Nc8 22.Nb3  1/2-1/2

[Event "Julian Borowski A"]
[Site "Essen GER"]
[Date "2000.05.05"]
[Round "8"]
[White "Milov,V"]
[Black "Sutovsky,E"]
[Result "1-0"]
[WhiteElo "2653"]
[BlackElo "2597"]

1.c4 g6 2.Nc3 c5 3.g3 Bg7 4.Bg2 Nc6 5.e4 d6 6.Nge2 e5 7.d3 Nge7 8.O-O O-O
9.a3 f5 10.exf5 Bxf5 11.h3 Be6 12.Ne4 h6 13.Rb1 Qd7 14.Kh2 a5 15.Bd2 b6 16.b4 axb4
17.axb4 cxb4 18.Bxb4 Nxb4 19.Rxb4 d5 20.N4c3 Rab8 21.cxd5 Nxd5 22.Nxd5 Bxd5
23.Bxd5+ Qxd5 24.Nc3 Qf3 25.Ne4 b5 26.Qb3+ Kh7 27.Re1 Qf7 28.Qb1 Qd5 29.Rc1 Rf3
30.Rc3 Rbf8 31.Kg1 Rxf2 32.Nxf2 Qf3 33.Qf1 e4 34.Rc1 exd3 35.Qg2 Qe3 36.Rd1 Qe2
37.Rf4 Rd8 38.Qf3 g5 39.Rf5  1-0

[Event "GM"]
[Site "Biel SUI"]
[Date "2000.07.25"]
[Round "2"]
[White "Gelfand,B"]
[Black "Milov,V"]
[Result "1/2-1/2"]
[WhiteElo "2681"]
[BlackElo "2626"]

1.d4 Nf6 2.c4 e6 3.Nf3 d5 4.g3 dxc4 5.Bg2 a6 6.O-O Nc6 7.e3 Rb8 8.Nfd2 Qd7
9.Nxc4 b5 10.Ncd2 Bb7 11.a4 Be7 12.axb5 axb5 13.Nc3 Nd8 14.Bxb7 Nxb7 15.Nf3 O-O
16.Ne5 Qe8 17.Ra7 b4 18.Na4 Bd6 19.Nc4 Qb5 20.b3 Ra8 21.Rxa8 Rxa8 22.Qc2 Na5
23.Nxa5 Rxa5 24.e4 e5 25.Bb2 exd4 26.Bxd4 Ng4 27.f3 Ne5 28.Bxe5 Qxe5 29.f4 Qd4+
30.Kg2 Qa7 31.Qc6 g6 32.e5 Bf8 33.Rd1 Qe3 34.Qc4 c6 35.Rd7 Rd5 36.Rxd5 cxd5
37.Qxd5  1/2-1/2

[Event "GM"]
[Site "Biel SUI"]
[Date "2000.07.26"]
[Round "3"]
[White "Milov,V"]
[Black "Gallagher,Jo"]
[Result "1-0"]
[WhiteElo "2626"]
[BlackElo "2514"]

1.d4 d6 2.e4 Nf6 3.Nc3 g6 4.g3 Bg7 5.Bg2 O-O 6.Nge2 e5 7.h3 Nc6 8.Be3 Bd7
9.O-O a6 10.f4 exd4 11.Nxd4 Re8 12.Re1 Na5 13.Bf2 c5 14.Nf3 Bc6 15.Nd2 b5
16.a3 Nd7 17.Qf3 Nb7 18.Rab1 a5 19.Nd5 Bxd5 20.exd5 Rxe1+ 21.Bxe1 c4 22.b4 axb4
23.axb4 Ra2 24.c3 Qe7 25.g4 f5 26.gxf5 gxf5 27.Nf1 Qf7 28.Ng3 Nb6 29.h4 Nd8
30.Rc1 Na4 31.Bh3 Qa7+ 32.Kh1 Nf7 33.Nxf5 Bf6 34.Ng3 Nh6 35.Ne4 Qe7 36.Bf2 Bxh4
37.Bd4 Kf8 38.Rg1 Qf7 39.Be6  1-0